EA College Football 25: Top 25 Offenses - Statistics

General Stats
  • This quiz has been taken 122 times
  • The average score is 15 of 25
Answer Stats
Rank Answer Overall % Correct
3 Alabama 91
96%
1 Georgia 94
95%
5 Ohio State 89
95%
2 Oregon 94
90%
4 Texas 91
90%
10 Clemson 87
77%
12 Penn State 87
72%
22 Florida State 83
66%
6 LSU 89
66%
7 Miami 89
66%
17 Notre Dame 85
66%
13 Ole Miss 87
66%
25 USC 83
65%
8 Colorado 89
64%
18 Texas A&M 85
61%
23 Oklahoma 83
60%
15 Arizona 87
52%
9 Missouri 89
50%
14 Kansas 87
44%
11 Utah 87
38%
20 SMU 85
28%
16 NC State 87
23%
24 Virginia Tech 83
21%
21 UCF 85
17%
19 Memphis 85
13%
No matching quizzes found
Score Distribution
Percent of People with Each Score
Percentile by Number Answered
Your Score History
You have not taken this quiz